Регионална библиотека "Любен Каравелов" - Русе

Аудио-визуални и компютърни информационни технологии в обучението (Запис номер 12042)

MARC детайли
000 -Лидер
Контролно поле с фиксирана дължина 02393nam a2200421 c 4500
003 - Код на организацията, давaща контролен номер
Контролно поле BLK
005 - Дата и час на последна редакция
Контролно поле 20180420214721.0
008 - Елементи от данни с фиксирана дължина
fixed length control field 180412b bul|||||r ||||||| ||bul||
010 ## - Наследен системен номер
LC control number KNG00013626000
020 ## - Международен стандартен номер на книга ISBN
Международен стандартен номер на книга ISBN 954-524-131-4
-- издат.: Унив. изд. Св. св. Кирил и Методий
040 ## - Източник на каталожния запис
Идентификатор на билиотеката - собственик на записа BLK
041 ## - Код за език
Код за езика на текст/звукозапис или на отделно заглавие Български
Код за езика КДБФ Български
080 ## - УДК
Текстов определител УДК Аудиовизуални методи на обучение
УДК код - определител по УДК 371.333
УДК определител (075.8)
УДК - код + определител 371.333(075.8)
080 ## - УДК
Текстов определител УДК Възпитание. Образование. Просвета. Организация на свободното време. Вж и 003;021. 3;159. 9;612;613;727
УДК код - определител по УДК 37
УДК определител .014.544(075.8)
УДК - код + определител 37.014.544(075.8)
100 1# - Редна дума - Автор
Автор Чолаков, Кънчо Ненов
Авторска отговорност първи автор
R(LIN) 257176
139 ## - Редно поле
Редна дума Чолаков, Кънчо Ненов и др.
Авторски знак Чол - Ч 90
245 10 - Сведения за заглавието
Заглавие Аудио-визуални и компютърни информационни технологии в обучението
Подзаглавни данни Уч. помагало за студентите от Великотърновския унив. Св. св. Кирил и Методий
Редно поле (дума) Кънчо Ненов Чолаков; съавт. Георги Рашков Герджиков.
257 ## - Страна на издаване
Страна на създаване/издаване България
260 ## - Област на издателските данни
-- В. Търново
Име на издателя, разпространителя и проч. Унив. изд. Св. св. Кирил и Методий
Година на издаване 1995
300 ## - Физическа характеристика
Страници 224 с.
Илюстрации и др. със сх.
Размери/Мащаб 22 см
380 ## - Жанр
Жанр Обществени науки
500 ## - Общи забележки
Забележка 1 000 тир. - Библиогр. с. 214-221.
504 ## - Забележка за наличие на библиография и др
Забележка за наличие на библиография и под. 214-221
650 #4 - Допълнително описание по предмет – тема
Основно описание – тема или топоним Аудиовизуални материали и средства - в образованието - учебници за ВУЗ
9 (RLIN) 257178
650 #4 - Допълнително описание по предмет – тема
Основно описание – тема или топоним Изчислителна техника, електронна - в образованието - учебници за ВУЗ
9 (RLIN) 257179
650 #4 - Допълнително описание по предмет – тема
Основно описание – тема или топоним Образование и просвета - използване на аудиовизуални средства и ЕИТ - учебници за ВУЗ
9 (RLIN) 257180
653 ## - Ключова дума – ненормативна
Ключова дума аудиовизуални комуникации
653 ## - Ключова дума – ненормативна
Ключова дума информационни технологии
653 ## - Ключова дума – ненормативна
Ключова дума обучение
653 ## - Ключова дума – ненормативна
Ключова дума образование
653 ## - Ключова дума – ненормативна
Ключова дума Просвета
700 1# - Други автори (авторска отговорност)
Лично име Герджиков, Георги Рашков
Автороска отговорност (Описва отношението между автора и произведението) съавт.
9 (RLIN) 257177
852 ## - Местоположение
Форматна сигнатура Цб 189815
856 4# - Електронен адрес и достъп
Електронен формат pdf - файл
Път до файла /url/
856 4# - Електронен адрес и достъп
Електронен формат pdf - файл
Път до файла /url/
942 ## - АРТИКУЛИ
Вид на библиотечния материал Книги
Скрит в OPAC Не
944 ## - СЪЗДАВАНЕ И РЕДАКЦИЯ на ЗАПИСА
Създаване/Редакция Създаване
Дата на регистрацията/редакция 15.01.2003
Служител, извършил регистрацията/редакцията Милена_Ачева
944 ## - СЪЗДАВАНЕ И РЕДАКЦИЯ на ЗАПИСА
Създаване/Редакция Редакция
Дата на регистрацията/редакция 25.02.2014
Служител, извършил регистрацията/редакцията
999 ## - СИСТЕМНИ КОНТРОЛНИ НОМЕРА
Koha biblionumber 12042
Koha biblioitemnumber 12042
Наличности
Код за отписване Код за изгубен артикул Източник на класификационната схема Код за повреда Коз за рестрикции Код за отдаване Артикулен № Име на библиотеката - собственик Име на библиотеката, в която се намира в момента Статус (Текущо местоположение) Дата на вписване в системата Местоположение - отдел Цена в лева Инвентарен номер Систематично азбучна сигнатура Баркод Номер на екземпляра Цена в евро Служебна бележка Служебен тип на артикула
Изтеглен Не е изгубен Universal Decimal Classification Не е повреден без рестрикции ползва се в читалня 20872 Регионална библиотека "Любен Каравелов" Русе Регионална библиотека "Любен Каравелов" Русе Читалня 2001-01-01 Читалня 1.08 622866 Ч 371/Ч 90 622866 1 0.55 Дост: Pk Вид: Ф N: стар фонд Дата: 01.01.1995 Дата инв: 14.03.2017 Бележки инв: Ч2017 Книги
  Не е изгубен   Не е повреден без рестрикции ползва се в читалня 20873 Регионална библиотека "Любен Каравелов" Русе Регионална библиотека "Любен Каравелов" Русе Хранилище 2004-08-20 Основен фонд - ползва се само за читалня 4.00 120000687812 Цб 189815 120000687812 2 2.05 Дост: DA Вид: А N: 20 Дата: 19.08.2004 Книги
Vip Innovations Ltd, Rousse, Bulgaria 2025